The schocking truth about energy / (Record no. 5262)

MARC details
000 -LEADER
fixed length control field 01372nam a22003017a 4500
001 - CONTROL NUMBER
control field 5262
003 - CONTROL NUMBER IDENTIFIER
control field FISKH
005 - DATE AND TIME OF LATEST TRANSACTION
control field 20241121150034.0
008 - FIXED-LENGTH DATA ELEMENTS--GENERAL INFORMATION
fixed length control field 241121b cb ||||| |||| 00| 0 eng d
020 ## - INTERNATIONAL STANDARD BOOK NUMBER
International Standard Book Number 9780545263634
040 ## - CATALOGING SOURCE
Original cataloging agency FISKH
Language of cataloging eng
Transcribing agency FISKH
Modifying agency FISKH
050 ## - LIBRARY OF CONGRESS CALL NUMBER
Classification number TJ163.L436
082 ## - DEWEY DECIMAL CLASSIFICATION NUMBER
Classification number 333.79
100 ## - MAIN ENTRY--PERSONAL NAME
Personal name Leedy, Loreen
Dates associated with a name (1959-)
245 ## - TITLE STATEMENT
Title The schocking truth about energy /
Statement of responsibility, etc. Written and illustrated by Loreen Leedy
250 ## - EDITION STATEMENT
Edition statement First printing in 2010
260 ## - PUBLICATION, DISTRIBUTION, ETC.
Place of publication, distribution, etc. New York :
Name of publisher, distributor, etc. Scholastic,
Date of publication, distribution, etc. 2010.
300 ## - PHYSICAL DESCRIPTION
Extent 32 pages :
Other physical details Color illustrations ;
Dimensions 23 cm
505 ## - FORMATTED CONTENTS NOTE
Formatted contents note R<br/>
520 ## - SUMMARY, ETC.
Summary, etc. Comical characters explain the basics, including the many forms energy can take. Readers can learn how energy changes from one form to another so that the Sun's energy can end up in a lunch box and eventually in people's muscles. Easy-to-follow diagrams show different ways energy can be harnessed. For a green look at the topic, the pros and cons of each form of energy are outlined, and tips on how to use energy sensibly are included. This high-voltage introduction to energy combines physical science and environmental science with fun.
521 8# - TARGET AUDIENCE NOTE
Target audience note 720L<br/>
Source Lexile<br/>
521 8# - TARGET AUDIENCE NOTE
Target audience note R<br/>
Source Raz-Plus<br/>
650 ## - SUBJECT ADDED ENTRY--TOPICAL TERM
Source of heading or term Energy
Topical term or geographic name entry element Electricity
650 ## - SUBJECT ADDED ENTRY--TOPICAL TERM
Source of heading or term Non-fiction
Topical term or geographic name entry element Science
700 ## - ADDED ENTRY--PERSONAL NAME
Personal name Leedy, Loreen
Dates associated with a name Illustrator
942 ## - ADDED ENTRY ELEMENTS (KOHA)
Source of classification or shelving scheme Dewey Decimal Classification
Koha item type Books
Suppress in OPAC No
Holdings
Withdrawn status Lost status Source of classification or shelving scheme Damaged status Not for loan Collection Home library Current library Shelving location Date acquired Total Checkouts Full call number Barcode Date last seen Copy number Price effective from Koha item type
    Dewey Decimal Classification     Non-Fiction Footprints International School Library Network Toul Kork Campus Footprints International School Library Network Toul Kork Campus TK Primary Library Room(4th Floor), Bookcase 5&6, Shelves 33-56, Orange Books 11/21/2024   LEE 333.79 TJ163.L436 2024-2354 11/21/2024 1 11/21/2024 Books